000 00477nam a22001697a 4500
008 160803b xxu||||| |||| 00| 0 eng d
020 _a0-534-58356-3
050 _aQ175.A6175
100 _aAndersen,Hanne
_924494
245 _aOn Kuhn
_c/Hanne Andersen
260 _aAustralia
_bWadsworth
_c2001
300 _a95p.;
_c22cm.
440 _aWadsworth philosophers
_924495
650 _aKuhn, Thomas S.
_921181
650 _aScience
_xPhilosophy
_924496
942 _2lcc
_cMONOGRAPH
999 _c124815
_d124815